| 000 | 00889nam a2200337 a 4500 | ||
|---|---|---|---|
| 003 | AR-BaBNM | ||
| 005 | 20251128204908.0 | ||
| 008 | 082120s2002 ||||||||||||||000 | spa|| | ||
| 020 | _a968-16-3640-6 | ||
| 040 | _cAR-BaBNM | ||
| 100 | 1 | _aVickers, John | |
| 245 | 0 | 0 | _aUn análisis económico de la privatización |
| 250 | _a1ª ed. | ||
| 260 |
_aMéxico, D.F. _bFondo de Cultura Económica _c1991 |
||
| 300 |
_a529 p. _btablas, gráfs. |
||
| 490 | 0 | _aEconomía contemporánea | |
| 504 | _aBibliografía: p. 513-525 | ||
| 650 | 4 | _aANALISIS ECONOMICO | |
| 650 | 4 | _aTEORIA ECONOMICA | |
| 650 | 4 | _aENERGIA | |
| 650 | 4 | _aCOMUNICACION | |
| 650 | 4 | _aTRANSPORTE | |
| 650 | 4 | _aAGUA | |
| 650 | 4 | _aECONOMIA | |
| 651 | 4 | _aReino Unido | |
| 653 | 0 | _aPRIVATIZACIONES | |
| 700 | 1 | _aYarrow, George | |
| 700 | 1 |
_aSuárez, Eduardo L. _etraductor |
|
| 942 | _cBK | ||
| 998 | _cEnrique | ||
| 999 |
_c9237 _d9237 |
||